000 00400cam a22001337a 4500
008 180718b1954 xxu||||| |||| 00| 0 eng d
082 _aR862 C355
100 _aChamberlain, Neil W.
245 _aImpact of strikes: their social and economic costs
_cby Neil W. Chamberlain and J. M. Schilling
260 _aNew York
_bHarper
_c1954
300 _a257p.
650 _aStrikes
700 _aSchilling, J.M.
999 _c362021
_d362021